Statistics for eSports: Dota 2

Click here to take the quiz!

General Stats

  • This quiz has been taken 103 times
  • The average score is 15 of 50

Answer Stats

RankTeam% Correct
5Team Liquid
93%
1OG
90%
2Evil Geniuses Dota2
83%
12Team Secret
79%
15LGD
75%
4Virtus Pro-Dota2
73%
22Alliance
71%
21Fnatic.Dota2
70%
13Invictus Gaming
66%
6Newbee
65%
7Wings Gaming
65%
11TnC Dota 2
59%
33EHOME
58%
20Vici Gaming
53%
27Mineski.Dota2
48%
3Digital Chaos
46%
19Cloud 9 Dota2
43%
23Complexity Gaming Dota2
33%
49Team Spirit
28%
16Ad Finem
26%
18LGD.Forever Young
25%
14Team Empire Dota2
24%
44Ninjas in Pyjamas Dota2
23%
8Team NP
23%
28Vega Squadron
23%
10iG Vitality
21%
35Infamous
21%
9Team Faceless
21%
26Execration
20%
45EHOME.Keen
15%
46SG e-sports
14%
17WarriorsGaming.Unity
11%
43NewBee Young
9%
48Team Onyx
9%
25CDED Gaming
8%
31Vici Gaming J
6%
32B)ears
5%
34Prodota Gaming
5%
50Danish Bears
3%
36DUOBAO Young
3%
30F.R.I.E.N.D.S
3%
40Doo Wop
1%
37Effect
1%
41Fantastic Five
1%
38FireDota
1%
39FTD Club C
1%
47Going In
1%
42I.K.E.A.
1%
24Natus Vincere DotA2
1%
29!Rebels!
1%

Score Distribution

Percentile by Number Answered

Percent of People with Each Score

Your Score History

You have not taken this quiz